|
|
|
|
| LEADER |
00000nab a2200000 a 4500 |
| 001 |
vtls008941137 |
| 003 |
SK-MaSNL |
| 005 |
20260304144931.0 |
| 008 |
250505c2006 xo |||||||||||000 b|slo |
| 015 |
|
|
|a SNBRB2007/01
|2 snkbucl
|
| 035 |
|
|
|a (uuid)d6b90245-5516-42b8-83b1-98fd79222d7b
|
| 035 |
|
|
|a urn:nbn:sk:snk-abza0
|
| 035 |
|
|
|a (urnnbn)urn:nbn:sk:snk:ar-a048n2
|
| 038 |
|
|
|a SNKBUCL
|
| 040 |
|
|
|a SNKBUCL
|b slo
|c SNKBUCL
|e AACR2
|
| 041 |
0 |
|
|a eng
|
| 044 |
|
|
|a xo
|c SK
|
| 080 |
|
|
|a 004.934.8:57.087.1
|2 2001
|
| 080 |
|
|
|a 004.056:57.087.1
|2 2001
|
| 080 |
|
|
|a 57.087.1
|2 2001
|
| 080 |
|
|
|a 621.391:612.789
|2 2001
|
| 100 |
1 |
|
|a Orság, Filip
|4 aut
|9 1466953
|
| 245 |
1 |
0 |
|a Speaker recognition in the biometric security systems
|c Filip Orság
|
| 300 |
|
|
|b Grafy, fotogr., sch., tab.
|
| 500 |
|
|
|a Biogr. údaje
|
| 504 |
|
|
|a Bibliogr. odkazy
|
| 546 |
|
|
|a Res. angl.
|
| 650 |
0 |
7 |
|a biometrické bezpečnostné systémy
|2 snkbucl
|9 1466954
|
| 650 |
0 |
7 |
|a rozpoznávanie reči
|2 snkbucl
|9 561091
|
| 650 |
0 |
7 |
|a rečové signály
|2 snkbucl
|9 69423
|
| 773 |
0 |
|
|t Computing and informatics
|g Vol. 25, no. 5 (2006), p. 369-391
|x 1335-9150
|
| 850 |
|
|
|a Slovenská národná knižnica
|
| 852 |
|
|
|a Slovenská národná knižnica
|
| 958 |
|
|
|a article27
|
| 958 |
|
|
|a NB
|
| 958 |
|
|
|a OND
|
| 958 |
|
|
|a EUIPO
|
| 999 |
|
|
|c 2933939
|d 2935869
|